| 000 | 00464nam a22001577a 4500 | ||
|---|---|---|---|
| 003 | OSt | ||
| 008 | 260428b |||||||| |||| 00| 0 eng d | ||
| 082 |
_a634.6 _bS94E |
||
| 100 | _aKumar, Sunil | ||
| 245 | _aEffect of Foliar Application of Nutrients on Development and Quality of Litchi Fruits (Litchi Chinensis Sonn.) | ||
| 260 |
_aPusa, Samastipur _bRAU _c1993 |
||
| 300 | _a72P. | ||
| 502 |
_bMsc. _d1993 |
||
| 650 | _aFruit & Fruit Technology | ||
| 942 |
_2ddc _cT |
||
| 999 |
_c50222 _d50222 |
||